Songs by Letter - U - Statistics

General Stats
  • This quiz has been taken 87 times
  • The average score is 8 of 18
Answer Stats
Song Artist % Correct
Uptown Funk Mark Ronson & Bruno Mars
86%
Umbrella Rihanna feat. Jay-Z
85%
Under Pressure Queen & David Bowie
84%
Uptown Girl Billy Joel
81%
U Can't Touch This MC Hammer
81%
Under The Bridge Red Hot Chili Peppers
64%
Un-Break My Heart Toni Braxton
55%
Unchained Melody The Righteous Brothers
51%
Upside Down Diana Ross
45%
Up Where We Belong Joe Cocker & Jennifer Warnes
38%
Use Somebody Kings Of Leon
36%
Unbelievable EMF
35%
Unstoppable Sia
23%
Undone - The Sweater Song Weezer
21%
U Got It Bad Usher
20%
Untouched The Veronicas
11%
Use Me Bill Withers
9%
Under Control Calvin Harris & Alesso feat. Hurts
8%
No matching quizzes found
Score Distribution
Percent of People with Each Score
Percentile by Number Answered
Your Score History
You have not taken this quiz